Na úvod nešťastná prehra európska kvalifikácia vodných pólistov o postup na OH 2008 v Pekingu

Bibliographic Details
Main Authors: Gressner, Igor (Author), Ježík, Ján (Author)
Format: Article
Language:Slovak
PhysicalDescription:Fotogr.
ISSN:0139-7001
Subjects:

MARC

LEADER 00000nab a2200000 ar4500
001 vtls009092989
003 SK-MaSNL
005 20260303202757.0
008 070912c20070903xo mr|p|||||||000 b|slo
015 |a SNKBUCL2007/09  |2 snkbucl 
038 |a SNKBUCL 
040 |a SNKBUCL  |b slo  |c SNKBUCL  |e AACR2 
041 0 |a slo 
044 |a xo  |c SK 
080 |a 797.253.093.1  |2 2001 
100 1 |a Gressner, Igor  |4 aut  |9 838363 
245 1 0 |a Na úvod nešťastná prehra  |b európska kvalifikácia vodných pólistov o postup na OH 2008 v Pekingu  |c Igor Gressner, Ján Ježík 
300 |b Fotogr. 
648 7 |a 2007  |2 snkbucl  |9 313226 
650 0 7 |a vodné pólo  |2 snkbucl  |9 3219 
650 0 7 |a kvalifikácia na OH  |2 snkbucl  |9 1234748 
700 1 |a Ježík, Ján  |4 aut  |9 329107 
773 0 |t Šport  |g Roč. 61, č. 202 (3.9.2007), s. 44  |x 0139-7001 
852 |a SNK  |b KIS3GCP 
999 |c 2181690  |d 2183620